[Event "PRO League KO Stage 2017"]
[Site "chess.com INT"]
[Date "2017.03.01"]
[Round "1"]
[White "Kumar, Nikhil"]
[Black "Cheng, Bindi"]
[Result "0-1"]
[WhiteTitle "FM"]
[BlackTitle "IM"]
[WhiteElo "2444"]
[BlackElo "2395"]
[WhiteTeam "Miami Champions"]
[BlackTeam "Toronto Dragons"]
[WhiteFideId "30909040"]
[BlackFideId "2682249"]
[EventDate "2017.03.01"]

1. d4 Nf6 2. c4 c5 3. d5 e6 4. Nc3 exd5 5. cxd5 d6 6. Nf3 g6 7. Nd2 Nbd7 8. e4
a6 9. a4 Bg7 10. Be2 O-O 11. O-O Rb8 12. f3 Ne8 13. Nc4 Ne5 14. Ne3 f5 15. f4
Nf7 16. exf5 gxf5 17. Bd3 Nh6 18. Ne2 b5 19. Ng3 Qh4 20. axb5 axb5 21. Qh5 Qxh5
22. Nxh5 Bd4 23. Kh1 Nf6 24. Nxf6+ Rxf6 25. Nc2 Bb7 26. Nxd4 cxd4 27. b4 Bxd5
28. Bb2 Rg6 29. Rf2 Ng4 30. Rd2 Ne3 31. Rg1 Nc4 32. Bxc4 bxc4 33. Rxd4 Rb5 34.
Bc3 Kf7 35. h3 Rg3 36. Rxd5 Rxd5 37. Be1 Rb3 38. Kh2 Rd1 39. g4 fxg4 40. hxg4 c3
41. Bxc3 Rxg1 0-1

[Event "PRO League KO Stage 2017"]
[Site "chess.com INT"]
[Date "2017.03.01"]
[Round "1"]
[White "Kumar, Nikhil"]
[Black "Sambuev, Bator"]
[Result "1-0"]
[WhiteTitle "FM"]
[BlackTitle "GM"]
[WhiteElo "2444"]
[BlackElo "2541"]
[WhiteTeam "Miami Champions"]
[BlackTeam "Toronto Dragons"]
[WhiteFideId "30909040"]
[BlackFideId "4128290"]
[EventDate "2017.03.01"]

1. d4 Nf6 2. c4 e6 3. Nc3 Bb4 4. e3 c5 5. Ne2 b6 6. a3 Ba5 7. Rb1 Na6 8. g3 Bb7
9. d5 b5 10. Bg2 bxc4 11. O-O O-O 12. e4 exd5 13. e5 Ng4 14. Bxd5 Bxd5 15. Qxd5
Nc7 16. Qe4 f5 17. Qxc4+ Kh8 18. f4 d5 19. exd6 Qxd6 20. h3 Nf6 21. Be3 Bb6 22.
Rbd1 Qc6 23. Rd3 Rad8 24. Rfd1 Rxd3 25. Rxd3 Re8 26. Bf2 h6 27. b4 Qe6 28. Qxe6
Nxe6 29. Kg2 Kg8 30. bxc5 Nxc5 31. Rd1 Kf7 32. Nd4 g6 33. Nc6 Nfd7 34. Nd5 Re2
35. Nxb6 axb6 36. Re1 Rxf2+ 37. Kxf2 Nd3+ 38. Ke2 Nxe1 39. Kxe1 Ke6 40. Kd2 Kd6
41. Nd4 Kd5 42. Nb5 Kc4 43. Nc3 Kb3 44. a4 Kc4 45. Nb5 Nc5 46. Nd6+ Kd4 47. Nf7
Ne4+ 48. Ke2 Nxg3+ 49. Kf3 Ne4 50. Ne5 Nd2+ 51. Kg3 Nc4 52. Nxg6 Ke4 53. Ne7 Nb2
54. Nc8 Nxa4 55. Nd6+ Kd3 56. Kf3 Nc3 57. Nxf5 b5 58. Nd6 b4 59. Nb7 Nd5 60. Na5
h5 61. f5 Kd4 62. Nc6+ Kc5 63. Nxb4 Kxb4 64. Ke4 Kc5 65. Ke5 1-0

[Event "PRO League KO Stage 2017"]
[Site "chess.com INT"]
[Date "2017.03.01"]
[Round "1"]
[White "Cheng, Bindi"]
[Black "Gonzalez, Renier"]
[Result "1-0"]
[WhiteTitle "IM"]
[BlackTitle "GM"]
[WhiteElo "2395"]
[BlackElo "2451"]
[WhiteTeam "Toronto Dragons"]
[BlackTeam "Miami Champions"]
[WhiteFideId "2682249"]
[BlackFideId "3501841"]
[EventDate "2017.03.01"]

1. Nf3 d5 2. c4 c6 3. g3 Nf6 4. Bg2 Bf5 5. cxd5 cxd5 6. Qb3 Bc8 7. O-O Nc6 8.
Nc3 e6 9. d3 Be7 10. Bf4 O-O 11. Rac1 Na5 12. Qc2 Bd7 13. Qb1 Nc6 14. a3 Nh5 15.
Bd2 Rc8 16. b4 Nf6 17. Qb3 h6 18. Rc2 Bd6 19. Rfc1 Ne7 20. e4 dxe4 21. dxe4 e5
22. Be3 Be6 23. Qb2 Ng4 24. Bxa7 Nc6 25. Bc5 Bxc5 26. bxc5 Nd4 27. Nxd4 Qxd4 28.
Nd5 Qxb2 29. Rxb2 Rb8 30. Rcb1 Nf6 31. Rxb7 Rxb7 32. Rxb7 Ra8 33. Rb3 1-0

[Event "PRO League KO Stage 2017"]
[Site "chess.com INT"]
[Date "2017.03.01"]
[Round "1"]
[White "Cheng, Bindi"]
[Black "Dominguez Perez, Leinier"]
[Result "0-1"]
[WhiteTitle "IM"]
[BlackTitle "GM"]
[WhiteElo "2395"]
[BlackElo "2739"]
[WhiteTeam "Toronto Dragons"]
[BlackTeam "Miami Champions"]
[WhiteFideId "2682249"]
[BlackFideId "3503240"]
[EventDate "2017.03.01"]

1. Nf3 Nf6 2. c4 b6 3. g3 Bb7 4. Bg2 e6 5. O-O Be7 6. Nc3 O-O 7. Re1 Ne4 8. Qc2
Nxc3 9. dxc3 Nc6 10. e4 e5 11. Nd2 Bg5 12. h4 Bxd2 13. Bxd2 d6 14. Kh2 Ne7 15.
f4 exf4 16. Bxf4 Ng6 17. Bg5 Qd7 18. Rad1 Rae8 19. b3 h6 20. Bc1 Re7 21. Bh3 Qc6
22. Bf5 Rfe8 23. Rd5 Ne5 24. Rf1 Bc8 25. Qe2 Bxf5 26. exf5 Nd7 27. Qf3 Re2+ 28.
Kh3 Nf6 29. Re5 Qxf3 30. Rxe8+ Rxe8 31. Rxf3 Re1 32. Bf4 h5 33. b4 Re2 34. Re3
Rxa2 35. g4 hxg4+ 36. Kg3 Rc2 37. c5 dxc5 38. bxc5 Nd5 39. Re8+ Kh7 40. cxb6
Rxc3+ 41. Kxg4 Nf6+ 0-1

[Event "PRO League KO Stage 2017"]
[Site "chess.com INT"]
[Date "2017.03.01"]
[Round "1"]
[White "Smith, Bryan G"]
[Black "Arnold, Marc T"]
[Result "1/2-1/2"]
[WhiteTitle "GM"]
[BlackTitle "GM"]
[WhiteElo "2419"]
[BlackElo "2524"]
[WhiteTeam "Philadelphia Inventors"]
[BlackTeam "Montclair Sopranos"]
[WhiteFideId "2017083"]
[BlackFideId "2022320"]
[EventDate "2017.03.01"]

1. e4 e5 2. Nf3 Nc6 3. Bb5 a6 4. Ba4 Nge7 5. O-O g6 6. c3 Bg7 7. d4 exd4 8. cxd4
b5 9. Bc2 O-O 10. d5 Na5 11. Bd2 Nc4 12. Bc3 Nxb2 13. Qc1 Nc4 14. Bd3 d6 15.
Bxg7 Kxg7 16. Bxc4 bxc4 17. Qxc4 Bd7 18. Nc3 Kg8 19. Nd4 a5 20. Rab1 Rc8 21.
Rfd1 c6 22. dxc6 Nxc6 23. Nxc6 Rxc6 24. Qd4 Be6 25. Nd5 Bxd5 26. Qxd5 Qc7 27. h4
Re8 28. Qd4 Rc4 29. Qxd6 Qxd6 30. Rxd6 1/2-1/2

[Event "PRO League KO Stage 2017"]
[Site "chess.com INT"]
[Date "2017.03.01"]
[Round "1"]
[White "Perez, Flavio"]
[Black "Edouard, Romain"]
[Result "0-1"]
[BlackTitle "GM"]
[WhiteElo "2303"]
[BlackElo "2626"]
[WhiteTeam "Cannes Blockbusters"]
[BlackTeam "London Lions"]
[WhiteFideId "623911"]
[BlackFideId "633429"]
[EventDate "2017.03.01"]

1. e4 c5 2. d3 g6 3. g3 Bg7 4. Bg2 Nc6 5. f4 e6 6. Nf3 Nge7 7. O-O O-O 8. c3 d5
9. e5 d4 10. c4 Nf5 11. Re1 f6 12. g4 Ne3 13. Bxe3 dxe3 14. Rxe3 fxe5 15. fxe5
Nd4 16. Re4 Nxf3+ 17. Bxf3 Bxe5 18. Nc3 Qf6 19. Bg2 Bc7 20. Qd2 Qh4 21. Bh1 Bd7
22. Qe2 Bc6 23. Rxe6 Bxh1 24. Kxh1 Rf2 25. Re8+ Rxe8 26. Qxe8+ Kg7 27. Qd7+ Rf7 0-1

[Event "PRO League KO Stage 2017"]
[Site "chess.com INT"]
[Date "2017.03.01"]
[Round "1"]
[White "Perez, Flavio"]
[Black "Zhou, Yang-Fan"]
[Result "0-1"]
[BlackTitle "IM"]
[WhiteElo "2303"]
[BlackElo "2476"]
[WhiteTeam "Cannes Blockbusters"]
[BlackTeam "London Lions"]
[WhiteFideId "623911"]
[BlackFideId "468584"]
[EventDate "2017.03.01"]

1. e4 c5 2. Nc3 Nc6 3. g3 g6 4. Bg2 Bg7 5. d3 d6 6. Be3 e5 7. Qd2 h5 8. h3 Nge7
9. Nge2 Nd4 10. Nd1 b5 11. c3 Nxe2 12. Qxe2 b4 13. O-O bxc3 14. bxc3 Rb8 15. f4
exf4 16. Bxf4 O-O 17. Rc1 Be6 18. Ne3 Re8 19. g4 hxg4 20. Nxg4 Bxg4 21. hxg4 Nd5
22. Bd2 Qd7 23. Rc2 Nf6 24. g5 Nh5 25. Qf3 Be5 26. Bh3 Qe7 27. Be3 Rb7 28. Bg4
Ng3 29. Re1 Nh5 30. Bxh5 gxh5 31. Qxh5 Qe6 32. Rf1 Qg6 33. Qg4 Reb8 34. Kg2 Rb2
35. Rff2 Rxc2 36. Rxc2 d5 37. d4 cxd4 38. cxd4 Bg7 39. Rc8+ Rxc8 40. Qxc8+ Kh7
41. Qh3+ Kg8 42. Qf5 Qh5 43. Qc8+ Bf8 44. exd5 Qe2+ 45. Bf2 Qe4+ 46. Kg1 Qxd5
47. Qg4 Qxa2 48. g6 Qb1+ 49. Kg2 Qxg6 50. Qxg6+ fxg6 51. Be1 Kf7 52. Kf3 Ke6 53.
Ke4 Bd6 54. Bf2 a5 55. d5+ Kd7 56. Bd4 a4 57. Ba1 a3 58. Kf3 Kc7 59. Kg4 Be7 60.
Kf4 Kd6 61. Ke4 a2 62. Bb2 g5 63. Be5+ Kc5 64. Ba1 Kc4 65. Ke5 Kb3 66. Ke6 Bd8
67. d6 g4 68. Kd7 Ba5 69. Kc6 g3 70. Bd4 g2 71. Bb6 Bxb6 72. Kxb6 g1=Q+ 0-1

[Event "PRO League KO Stage 2017"]
[Site "chess.com INT"]
[Date "2017.03.01"]
[Round "1"]
[White "Toolin, Christopher"]
[Black "Chirila, Ioan-Cristian"]
[Result "1/2-1/2"]
[BlackTitle "GM"]
[WhiteElo "2189"]
[BlackElo "2522"]
[WhiteTeam "Dallas Destiny"]
[BlackTeam "San Jose Hackers"]
[WhiteFideId "2024543"]
[BlackFideId "1211668"]
[EventDate "2017.03.01"]

1. Nf3 Nf6 2. c4 g6 3. Nc3 d5 4. Qa4+ Bd7 5. Qb3 dxc4 6. Qxc4 Bg7 7. e4 Bc6 8.
e5 Nd5 9. e6 f6 10. h4 Qd6 11. Be2 Nf4 12. d4 Nxe2 13. Qxe2 Bxf3 14. gxf3 O-O
15. h5 Nc6 16. Be3 Nxd4 17. Bxd4 Qxd4 18. Rd1 Qc5 19. hxg6 hxg6 20. Qe4 f5 21.
Qh4 Qe5+ 22. Kf1 Qxe6 23. Re1 Qf6 24. Qh7+ Kf7 25. Nd5 Qa6+ 26. Kg2 Rae8 27.
Nxc7 Qf6 28. Nxe8 Rxe8 29. Qh4 1/2-1/2

[Event "PRO League KO Stage 2017"]
[Site "chess.com INT"]
[Date "2017.03.01"]
[Round "1"]
[White "Chirila, Ioan-Cristian"]
[Black "Holt, Conrad"]
[Result "1/2-1/2"]
[WhiteTitle "GM"]
[BlackTitle "GM"]
[WhiteElo "2522"]
[BlackElo "2555"]
[WhiteTeam "San Jose Hackers"]
[BlackTeam "Dallas Destiny"]
[WhiteFideId "1211668"]
[BlackFideId "2034387"]
[EventDate "2017.03.01"]

1. c4 c6 2. Nf3 d5 3. g3 Nf6 4. Bg2 dxc4 5. O-O Nbd7 6. Qc2 Nb6 7. Na3 Be6 8.
Ne5 g6 9. Naxc4 Nxc4 10. Nxc4 Bg7 11. b3 h5 12. Bb2 h4 13. Ne5 hxg3 14. hxg3 Kf8
15. d4 Ng4 16. Nxg4 Bxg4 17. Rfd1 e6 18. d5 exd5 19. Qc5+ Kg8 20. Bxg7 Rh7 21.
Bb2 Qg5 22. f3 Bh3 23. Qf2 Re8 24. e4 dxe4 25. fxe4 Bxg2 26. Qxg2 Qe3+ 27. Kf1
Rh5 28. Re1 Qd3+ 29. Kg1 Rd8 30. Rac1 Rd7 31. Rc3 Qd6 32. Rf3 Qc5+ 33. Qf2 Qg5
34. Bf6 Qg4 35. Rf4 Qh3 36. Qg2 Qe6 37. e5 Rd3 38. Rf3 Rd4 39. Rf2 Rd3 40. Rd2
Rxd2 41. Qxd2 Kh7 42. Qg2 Qg4 43. Rf1 Qd4+ 44. Qf2 Qe4 45. Qf3 Qc2 46. Qf2 Qe4
47. Qf3 Qc2 48. Qf2 Qe4 49. Qf3 1/2-1/2

[Event "PRO League KO Stage 2017"]
[Site "chess.com INT"]
[Date "2017.03.01"]
[Round "1"]
[White "Naroditsky, Daniel"]
[Black "Xiong, Jeffery"]
[Result "1-0"]
[WhiteTitle "GM"]
[BlackTitle "GM"]
[WhiteElo "2646"]
[BlackElo "2674"]
[WhiteTeam "San Jose Hackers"]
[BlackTeam "Dallas Destiny"]
[WhiteFideId "2026961"]
[BlackFideId "2047640"]
[EventDate "2017.03.01"]

1. d4 Nf6 2. Bf4 d5 3. e3 e6 4. Nf3 c5 5. c3 Nc6 6. Nbd2 Bd6 7. Bg3 O-O 8. Bb5
Bxg3 9. hxg3 Qb6 10. a4 h6 11. Qc2 Bd7 12. Ne5 Rfc8 13. Bxc6 Bxc6 14. Nb3 cxd4
15. exd4 Be8 16. Nc5 Ne4 17. Nxe4 dxe4 18. Qe2 Qb3 19. O-O f6 20. Ng4 Bxa4 21.
Ra3 Qc2 22. Qe3 Bb5 23. Rc1 Qxb2 24. Raa1 Bd3 25. d5 exd5 26. Qd4 Qb6 27. Qxd5+
Kh8 28. Ne3 a5 29. c4 a4 30. c5 Qc7 31. Ra3 b5 32. Qd4 Qa5 33. c6 b4 34. Rc5 Qb6
35. Nd5 Qa7 36. Nxb4 Rd8 37. Qc3 e3 38. fxe3 Rac8 39. c7 Rd7 40. Nxd3 Rxd3 41.
Qxd3 Qxc5 42. Qd8+ Qf8 43. Qxf8+ Rxf8 44. Rd3 1-0

[Event "PRO League KO Stage 2017"]
[Site "chess.com INT"]
[Date "2017.03.01"]
[Round "1"]
[White "Daulyte, Deimante"]
[Black "Harvey, Marcus R"]
[Result "0-1"]
[WhiteTitle "IM"]
[BlackTitle "FM"]
[WhiteElo "2440"]
[BlackElo "2275"]
[WhiteTeam "Cannes Blockbusters"]
[BlackTeam "London Lions"]
[WhiteFideId "12802859"]
[BlackFideId "400092"]
[EventDate "2017.03.01"]

1. e4 e6 2. d4 d5 3. Nc3 Nf6 4. Bg5 dxe4 5. Nxe4 Be7 6. Bxf6 gxf6 7. Nf3 f5 8.
Nc3 a6 9. Qd2 b5 10. O-O-O Qd6 11. Kb1 Bb7 12. Ne5 Nd7 13. f4 Nxe5 14. fxe5 Qb6
15. Rg1 O-O-O 16. Ne2 c5 17. g4 Rhg8 18. gxf5 Rxg1 19. Nxg1 Rxd4 20. Qe2 Rxd1+
21. Qxd1 exf5 22. Bd3 Qg6 23. a4 c4 24. Be2 Bc5 25. Nf3 Be4 26. Nd2 Bb7 27. Bf3
Qg1 28. Bxb7+ Kxb7 29. Nf1 Kc7 30. Ka2 Qg2 31. Ng3 f4 32. Nh5 Be3 33. Qd6+ Kb7
34. Qd7+ Ka8 35. Nf6 Qb7 36. Qe8+ Ka7 37. Nd7 b4 38. b3 cxb3+ 39. Kxb3 f3 40.
Qxf7 f2 41. e6 Qd5+ 42. Kxb4 Bd2+ 43. Ka3 Bc1+ 44. Kb4 a5+ 45. Kc3 Qd2+ 46. Kc4
Qf4+ 47. Qxf4 Bxf4 48. e7 f1=Q+ 49. Kd5 Qe2 50. Kc6 Qxe7 0-1

[Event "PRO League KO Stage 2017"]
[Site "chess.com INT"]
[Date "2017.03.01"]
[Round "1"]
[White "Daulyte, Deimante"]
[Black "Adair, James R"]
[Result "1/2-1/2"]
[WhiteTitle "IM"]
[BlackTitle "IM"]
[WhiteElo "2440"]
[BlackElo "2479"]
[WhiteTeam "Cannes Blockbusters"]
[BlackTeam "London Lions"]
[WhiteFideId "12802859"]
[BlackFideId "406252"]
[EventDate "2017.03.01"]

1. e4 c5 2. Nf3 d6 3. d4 cxd4 4. Qxd4 Nf6 5. Bg5 Nc6 6. Bb5 Bd7 7. Bxc6 Bxc6 8.
Nc3 e6 9. Qd3 Be7 10. Nd4 O-O 11. O-O-O Qc7 12. f4 Rfd8 13. Rhe1 a6 14. f5 e5
15. Nb3 d5 16. exd5 Nxd5 17. Bxe7 Nxe7 18. Qh3 f6 19. g4 Rxd1+ 20. Rxd1 Rd8 21.
Nc5 Rxd1+ 22. Nxd1 Bd5 23. Qe3 Nc6 24. Nc3 Nd4 25. Nb3 Bxb3 26. axb3 Qc6 27. Qe4
Qxe4 28. Nxe4 Nf3 29. h3 b6 30. b4 Kf8 31. c3 Ke7 32. Kc2 g6 33. Kd3 gxf5 34.
gxf5 Nh4 35. Ng3 Ng2 36. Ke4 Nf4 37. h4 Kd6 1/2-1/2

[Event "PRO League KO Stage 2017"]
[Site "chess.com INT"]
[Date "2017.03.01"]
[Round "1"]
[White "Holt, Conrad"]
[Black "Izoria, Zviad"]
[Result "0-1"]
[WhiteTitle "GM"]
[BlackTitle "GM"]
[WhiteElo "2555"]
[BlackElo "2594"]
[WhiteTeam "Dallas Destiny"]
[BlackTeam "San Jose Hackers"]
[WhiteFideId "2034387"]
[BlackFideId "13601733"]
[EventDate "2017.03.01"]

1. d4 d6 2. Nf3 g6 3. c4 Bg7 4. e4 Bg4 5. Be2 c5 6. d5 e6 7. dxe6 Bxe6 8. O-O
Nc6 9. Nc3 Bxc3 10. bxc3 Qe7 11. Bf4 O-O-O 12. Qa4 Nf6 13. e5 Bf5 14. exf6 Qxe2
15. Rfe1 Qb2 16. Ng5 Rd7 17. Rac1 h6 18. Ne4 Bxe4 19. Rxe4 g5 20. Be3 Rdd8 21.
h4 Rhe8 22. Rxe8 Rxe8 23. Qd1 Kc7 24. Rc2 Qa3 25. hxg5 hxg5 26. Bxg5 Qa4 27. Bf4
Re6 28. Qd3 Re1+ 29. Kh2 Ne5 30. Bxe5 Rxe5 31. Re2 Qe8 32. Re3 Qh8+ 33. Kg1 Qxf6
34. Rxe5 Qxe5 35. g4 Qf4 36. f3 a6 37. Kg2 b5 38. cxb5 axb5 39. Qd5 Kb6 40. Kh3
f6 41. Kg2 c4 42. Kh3 Qe5 43. Qd2 b4 44. cxb4 c3 45. Qd3 d5 46. a4 Qc7 47. a5+
Ka7 48. b5 Qxa5 49. Qd4+ Kb8 50. Qxd5 Qc7 51. b6 Qxb6 52. Qd3 Qc6 0-1

[Event "PRO League KO Stage 2017"]
[Site "chess.com INT"]
[Date "2017.03.01"]
[Round "1"]
[White "Holt, Conrad"]
[Black "Ke, Ivan"]
[Result "1-0"]
[WhiteTitle "GM"]
[WhiteElo "2555"]
[BlackElo "2219"]
[WhiteTeam "Dallas Destiny"]
[BlackTeam "San Jose Hackers"]
[WhiteFideId "2034387"]
[BlackFideId "30914477"]
[EventDate "2017.03.01"]

1. d4 d5 2. c4 e6 3. Nc3 Be7 4. Nf3 Nf6 5. Bf4 O-O 6. e3 b6 7. Be2 Bb7 8. O-O c5
9. cxd5 exd5 10. b3 Nc6 11. Rc1 Rc8 12. Qd3 Ne4 13. dxc5 Nb4 14. Qb1 Nxc3 15.
Rxc3 bxc5 16. Rd1 d4 17. Rcc1 Nd5 18. Be5 Qa5 19. exd4 Nc3 20. Rxc3 Qxc3 21. d5
Qa5 22. d6 Bf6 23. Bxf6 gxf6 24. Qf5 Qc3 25. Bd3 1-0

[Event "PRO League KO Stage 2017"]
[Site "chess.com INT"]
[Date "2017.03.01"]
[Round "1"]
[White "Postny, Evgeny"]
[Black "Arnold, Marc T"]
[Result "1-0"]
[WhiteTitle "GM"]
[BlackTitle "GM"]
[WhiteElo "2606"]
[BlackElo "2524"]
[WhiteTeam "Philadelphia Inventors"]
[BlackTeam "Montclair Sopranos"]
[WhiteFideId "2804344"]
[BlackFideId "2022320"]
[EventDate "2017.03.01"]

1. d4 Nf6 2. c4 e6 3. Nf3 c5 4. d5 b5 5. dxe6 fxe6 6. cxb5 d5 7. g3 a6 8. bxa6
Bxa6 9. Bg2 Nc6 10. O-O Bd6 11. b3 O-O 12. Bb2 Qe7 13. Nc3 Kh8 14. Re1 d4 15.
Na4 e5 16. e3 Rad8 17. exd4 cxd4 18. Ng5 Nb4 19. Ba3 d3 20. Ne4 Nxe4 21. Rxe4
Nc2 22. Bxd6 Rxd6 23. Rc1 Bb7 24. Nc5 Rxf2 25. Nxb7 Qxb7 26. Kxf2 Qb6+ 27. Kf1
Rf6+ 28. Bf3 1-0

[Event "PRO League KO Stage 2017"]
[Site "chess.com INT"]
[Date "2017.03.01"]
[Round "1"]
[White "Yatzenko, Anton"]
[Black "Kovalenko, Igor"]
[Result "1-0"]
[BlackTitle "GM"]
[WhiteElo "2356"]
[BlackElo "2672"]
[WhiteTeam "Gorky Stormbringers"]
[BlackTeam "Riga Magicians"]
[WhiteFideId "4157826"]
[BlackFideId "14117908"]
[EventDate "2017.03.01"]

1. d4 Nf6 2. c4 e6 3. Nc3 Bb4 4. Nf3 b6 5. Qc2 Bb7 6. a3 Bxc3+ 7. Qxc3 d6 8. g3
Nbd7 9. Bg2 Be4 10. O-O h6 11. b4 O-O 12. Bb2 c6 13. Bh3 d5 14. Ne5 Nxe5 15.
dxe5 Nd7 16. Rfd1 Rc8 17. Rac1 a6 18. Qe3 Qe7 19. Bd4 b5 20. c5 Ra8 21. Bc3 Rfe8
22. Qd4 Rec8 23. f3 Bg6 24. e4 Nb8 25. Bg2 Ra7 26. Qe3 Rd7 27. f4 Rcd8 28. Rd4
a5 29. Rcd1 axb4 30. axb4 Na6 31. f5 exf5 32. exd5 cxd5 33. Rxd5 Rxd5 34. Rxd5
Rxd5 35. Bxd5 Nc7 36. Bf3 Ne6 37. Kg2 Qa7 38. Be2 Kh7 39. Kf2 Ng5 40. Kg1 Ne4
41. Be1 Qb8 42. Qd4 Ng5 43. h4 Ne6 44. Qd6 Qa8 45. h5 Qa1 46. hxg6+ Kxg6 47. Kf1
Qb2 48. Bxb5 Qh2 49. Bc6 Kh7 50. Qd2 Qh3+ 51. Bg2 Qg4 52. Qe2 Qd4 53. Qf2 Qxe5
54. c6 f4 55. Qc2+ g6 56. Qe4 Qb5+ 57. Kg1 fxg3 58. Bxg3 h5 59. c7 Qb6+ 60. Kh2
Nxc7 61. Qc6 Qxb4 62. Qxc7 Qb3 63. Qd7 Qa2 64. Kh3 Qc4 65. Qd5 Qc8+ 66. Kh2 Qe8
67. Be5 Qe7 68. Bg3 Qe8 69. Qe5 Qd8 70. Qf4 Qe7 71. Bf2 Kg8 72. Bd4 Kh7 73. Qf6
Qxf6 74. Bxf6 Kh6 75. Bd5 g5 76. Bxf7 g4 77. Kg3 1-0

[Event "PRO League KO Stage 2017"]
[Site "chess.com INT"]
[Date "2017.03.01"]
[Round "1"]
[White "Yatzenko, Anton"]
[Black "Samolins, Vitalijs"]
[Result "1-0"]
[BlackTitle "IM"]
[WhiteElo "2356"]
[BlackElo "2402"]
[WhiteTeam "Gorky Stormbringers"]
[BlackTeam "Riga Magicians"]
[WhiteFideId "4157826"]
[BlackFideId "11602112"]
[EventDate "2017.03.01"]

1. d4 f5 2. Nf3 Nf6 3. Bf4 g6 4. e3 Bg7 5. Nc3 c6 6. Bd3 d5 7. Ne5 Be6 8. f3
Nbd7 9. Qd2 Nh5 10. O-O-O Qa5 11. Kb1 Nxe5 12. Bxe5 Bxe5 13. dxe5 f4 14. a3 fxe3
15. Qxe3 O-O-O 16. Qg5 d4 17. Ne4 Rd7 18. g4 Ng7 19. Qh6 Ne8 20. Ng5 Nc7 21.
Nxe6 Nxe6 22. Bxg6 hxg6 23. Qxh8+ Kc7 24. Qg8 Qd5 25. Qxg6 Nc5 26. h4 d3 27.
Rxd3 Nxd3 28. Qxd3 Qxe5 29. Qc3 Qg3 30. h5 Qg2 31. Re1 b6 32. h6 Qh3 33. Re6 c5
34. Qe5+ Kb7 35. Qe4+ Kb8 36. h7 Rd1+ 37. Ka2 Qh1 38. Qe5+ Kb7 39. Rxe7+ Ka6 40.
Qe2+ b5 41. Qe6+ Ka5 42. Rxa7# 1-0

[Event "PRO League KO Stage 2017"]
[Site "chess.com INT"]
[Date "2017.03.01"]
[Round "1"]
[White "Vazquez, Guillermo"]
[Black "Kiewra, Keaton F"]
[Result "1-0"]
[WhiteTitle "IM"]
[BlackTitle "IM"]
[WhiteElo "2436"]
[BlackElo "2429"]
[WhiteTeam "Rio Grande Ospreys"]
[BlackTeam "San Diego Surfers"]
[WhiteFideId "3702308"]
[BlackFideId "2019280"]
[EventDate "2017.03.01"]

1. e4 c5 2. Nf3 d6 3. d4 cxd4 4. Qxd4 Nf6 5. Bb5+ Nbd7 6. Bg5 a6 7. Bxd7+ Bxd7
8. Nc3 Rc8 9. O-O Qc7 10. Rfe1 Qc5 11. Qd2 h6 12. Bh4 g5 13. Bg3 Nh5 14. Nd5
Qxc2 15. Qe3 Nxg3 16. hxg3 Qc5 17. Qd2 Bg7 18. Rac1 Qa7 19. Rxc8+ Bxc8 20. e5
Be6 21. Rc1 Bxd5 22. Qxd5 O-O 23. e6 f5 24. Rc7 g4 25. Nh4 Qd4 26. Nxf5 Qxd5 27.
Nxe7+ Kh7 28. Nxd5 Kg6 29. Nf4+ Kh7 30. Nh5 Rg8 1-0

[Event "PRO League KO Stage 2017"]
[Site "chess.com INT"]
[Date "2017.03.01"]
[Round "1"]
[White "Vazquez, Guillermo"]
[Black "Brown, Michael William"]
[Result "1-0"]
[WhiteTitle "IM"]
[BlackTitle "IM"]
[WhiteElo "2436"]
[BlackElo "2478"]
[WhiteTeam "Rio Grande Ospreys"]
[BlackTeam "San Diego Surfers"]
[WhiteFideId "3702308"]
[BlackFideId "2037602"]
[EventDate "2017.03.01"]

1. d4 d5 2. c4 dxc4 3. Nf3 Nf6 4. e3 e6 5. Bxc4 a6 6. a4 c5 7. O-O Nc6 8. Qe2
cxd4 9. Rd1 Be7 10. exd4 O-O 11. Nc3 Nb4 12. Bg5 Bd7 13. Ne5 Bc6 14. Bb3 Nfd5
15. Bd2 Rc8 16. Ne4 a5 17. Nc5 Bf6 18. Rac1 Qe7 19. Ne4 Rfd8 20. g3 Be8 21. h4
Rxc1 22. Bxc1 Bxe5 23. dxe5 f6 24. h5 fxe5 25. Bg5 Nf6 26. Rxd8 Qxd8 27. h6 Qd3
28. Bxe6+ Bf7 29. Nxf6+ gxf6 30. Qg4 Qg6 31. Bxf7+ Kxf7 32. Qd7+ Kf8 33. Be3 Nd3
34. Qc8+ Qe8 35. Qxb7 Qe7 36. Qa8+ Kf7 37. Qd5+ 1-0

[Event "PRO League KO Stage 2017"]
[Site "chess.com INT"]
[Date "2017.03.01"]
[Round "1"]
[White "Khachiyan, Melikset"]
[Black "Belous, Vladimir"]
[Result "1-0"]
[WhiteTitle "GM"]
[BlackTitle "GM"]
[WhiteElo "2530"]
[BlackElo "2581"]
[WhiteTeam "San Diego Surfers"]
[BlackTeam "Rio Grande Ospreys"]
[WhiteFideId "13300512"]
[BlackFideId "4174003"]
[EventDate "2017.03.01"]

1. e4 c5 2. Nf3 Nc6 3. d4 cxd4 4. Nxd4 e5 5. Nf5 d5 6. Qxd5 Qxd5 7. exd5 Bxf5 8.
dxc6 bxc6 9. Bd3 Bxd3 10. cxd3 O-O-O 11. Ke2 Ne7 12. Be3 Kb7 13. Nd2 Nf5 14.
Rhc1 Rd5 15. Rc4 Be7 16. Rac1 Rc8 17. Ra4 Nxe3 18. fxe3 Rcd8 19. Rc3 Rb5 20. Nc4
Rdd5 21. e4 Rd4 22. Na5+ Ka8 23. Nc4 Rd8 24. Rc2 Rdb8 25. Ra5 f6 26. Rxb5 Rxb5
27. b3 g6 28. g4 Kb7 29. a4 Rc5 30. b4 Rxc4 31. Rxc4 Kb6 32. d4 exd4 33. Rxd4
Kc7 34. Kd3 Bd6 35. h3 Be5 36. Rc4 Kb6 37. Rc2 a6 38. Kc4 Kc7 39. h4 h6 40. Rg2
Kd6 41. Rd2+ Kc7 42. h5 g5 43. b5 Bf4 44. Rd3 cxb5+ 45. axb5 axb5+ 46. Kxb5 Bh2
47. Kc5 Bg1+ 48. Kd5 1-0